Juan Miseria
Gardado en:
| Autor Principal: | |
|---|---|
| Formato: | Libro |
| Idioma: | Undetermined |
| Publicado: |
Buenos Aires, Argentina
EDIFUSION
1945
|
| Materias: | |
| Etiquetas: |
Engadir etiqueta
Sen Etiquetas, Sexa o primeiro en etiquetar este rexistro!
|
MARC
| LEADER | 00000nam a2200000Ia 4500 | ||
|---|---|---|---|
| 008 | 170316s9999 xx 000 0 und d | ||
| 040 | |a cru BVZT | ||
| 090 | |a 862 C-45j | ||
| 100 | |a Coloma, Luis | ||
| 245 | |a Juan Miseria | ||
| 260 | |a Buenos Aires, Argentina | ||
| 260 | |b EDIFUSION | ||
| 260 | |c 1945 | ||
| 300 | |a 174 páginas | ||
| 650 | |a LITERATURA ESPAÑOLA | ||
| 999 | |c 9759 |d 9759 | ||
| 942 | |c 15 D |h 862 C-45j |2 z | ||
